000 01054nam a2200265 a 4500
001 BRCA_6273
005 20190320205408.0
008 290711s1972----gw-ao#####---#000-0#fre-#
041 _afreengspa
044 _agw
050 4 _aDD20
_b.R47 1972
245 1 0 _aRépublique Fédérale d´Allemagne = Federal Republic of Germany = República Federal de Alemania.
260 _aAlemania
_bComité d´ Organisation des XXémes Jeux Olympiques, Munich
_c1972
300 _a3 v.
_bil. a color
_c30 cm.
500 _aSon publicaciones turísticas de pocas páginas pero con excelentes fotografías
500 _aC184
505 0 _aContenido: v.1. Pays de vacances entre Munich et Kiel, villes des Jeux Olympiques 1972. -- v.2. Kiel 1972. -- v.3. Munich, ville des Jeux Olympiques de 1972
546 _aTexto en: francés, inglés y español
650 1 4 _aOlimpiadas
_915738
651 4 _aAlemania
_xDescripción y viajes
_915739
740 0 _aFederal Republic of Germany
740 0 _aRepública Federal de Alemania
902 _aGFM
942 _2lcc
_cB
999 _c5960
_d5960